Řízení rizik je stále více automatizováno

Celosvetovo budujú bankové inštitúcie komplexné riešenie riadenia rizík a nesústreďujú sa len na dodržiavanie minimálnych štandardov regulatórnych požiadaviek ako sú Bazilej II alebo zákon Sarbanes-Oxley. Zvyšovanie automatizácie riadenia rizík. Získavanie informácií o stratégii riadenia rizík a ria...

Description complète

Enregistré dans:
Détails bibliographiques
Format: Chapitre de livre
Langue:tchèque
Sujets:
Tags: Ajouter un tag
Pas de tags, Soyez le premier à ajouter un tag!

MARC

LEADER 00000naa$a2200000$$$4500
001 0039235
005 20231010085750.2
041 0 |a cze 
044 |a CZ 
245 1 0 |a Řízení rizik je stále více automatizováno 
520 |a Celosvetovo budujú bankové inštitúcie komplexné riešenie riadenia rizík a nesústreďujú sa len na dodržiavanie minimálnych štandardov regulatórnych požiadaviek ako sú Bazilej II alebo zákon Sarbanes-Oxley. Zvyšovanie automatizácie riadenia rizík. Získavanie informácií o stratégii riadenia rizík a riadení referenčných dáti a plánovaní investícií vo finančných inštitúciách. Trendy v riadení rizík a dát. Rozvoj riadenia referenčných dát. 
610 2 0 |a banky 
610 2 0 |a poisťovne 
610 2 0 |a bankovníctvo 
610 2 0 |a riadenie rizík 
610 2 0 |a automatizácia 
610 2 0 |a regulácia 
610 2 0 |a ukazovatele finančné 
610 2 0 |a dáta